000 00617nam a22002417a 4500
003 UA-OsUOA
001 35915
007 ta
008 20051227b un ||||| |||| 00| 0 ukr d
100 _aАбрамович С.Д.
090 _a246:7
_bА16
942 _cBK
040 _aUA-OsUOA
_bukr
_cUA-OsUOA
_dUA-OsUOA
245 _aЦерковне мистецтво
_bНавч. посібник
300 _a206 с.
955 _a2
041 _aukr
080 _a246:7
020 _a966-8251-34-2
260 _aК.
_bКондор
_c2005
650 7 _a2 Релігія. Теологія.
_2UDC
999 _c322220
_d322220